Vista normal Vista MARC

Entrada Nombre personal

Número de registros utilizados en: 1

001 - NÚMERO DE CONTROL

  • Campo de control: 44725

003 - IDENTIFICADOR DE NÚMERO DE CONTROL

  • Campo de control: OSt

005 - FECHA Y HORA DE LA ULTIMA MODIFICACION

  • Campo de control: 20210217095930.0

008 - ELEMENTOS DE DATOS DE LONGITUD FIJA

  • Campo de longitud fija: 210217|| aca||aabn | a|a d

040 ## - FUENTE DE LA CATALOGACIÓN

  • Agencia original de catalogación: OSt

100 1# - ENCABEZAMIENTO--NOMBRE DE PERSONA

  • Nombre personal: Vásquez Ramos, José Mario

670 ## - FUENTE DE DATOS ENCONTRADOS

  • Fuente de citación: Investigación, Determinación de contaminación en suelos con baja densidad de plantas de caña de azúcar por la utilización de fertilizante (24.6-12-18.4), ubicada en el Cantón el Achiotal del Municipio de San Pedro Masahuat, Departamento de la Paz.-

670 ## - FUENTE DE DATOS ENCONTRADOS

  • Fuente de citación: BMC.- 17-02-2021